[Event "O REBOLATION III"]
[Site "http://www.queenalice.com/game.php?id=749197"]
[Date "2010.3.20"]
[Round "-"]
[White "rogeriooliveira"]
[Black "TheShoveler"]
[Result "1-0"]
[WhiteElo "1440"]
[BlackElo "1110"]

1. e4 Nc6 2. d4 Nf6 3. e5 e6 4. exf6 Qxf6 5. Nf3 Bb4+ 6. c3 Ba5 7. b4 Bb6 8. Bb5
O-O 9. Bxc6 dxc6 10. O-O Rd8 11. Bg5 Qg6 12. Re1 f6 13. Bd2 c5 14. Nh4 Qd3 15.
Re3 Qb5 16. Qf3 cxd4 17. cxd4 c5 18. bxc5 Qb2 19. Bc3 Qc1+ 20. Be1 Rxd4 21. Re4
Bxc5 22. Kf1 Qc4+ 23. Qe2 Rxe4 24. g3 Rxe2 25. Kg2 Qd5+ 26. Kf1 Qd1 27. Kg2 Qxe1
28. Nf3 Rxf2+ 29. Kh3 e5+ 30. Kh4 1-0

[Event "O REBOLATION VI"]
[Site "http://www.queenalice.com/game.php?id=749201"]
[Date "2010.3.20"]
[Round "-"]
[White "rogeriooliveira"]
[Black "TheShoveler"]
[Result "1-0"]
[WhiteElo "1437"]
[BlackElo "1113"]

1. e4 e6 2. d4 Bb4+ 3. c3 Ba5 4. b4 Bb6 5. d5 exd5 6. exd5 Qe7+ 7. Qe2 c5 8.
Qxe7+ Kxe7 9. bxc5 Bxc5 10. Be3 Bxe3 11. fxe3 Nf6 12. c4 Ng4 13. e4 Kd6 14. h3
Re8 15. Bd3 Ne3 16. Nd2 Na6 17. Ke2 Nxg2 18. Rh2 Nf4+ 19. Ke3 Ke5 20. Ne2 Ng6
21. c5 Nxc5 22. Nc4+ Kf6 23. Rf1+ Kg5 24. Rg2+ Kh4 25. Kd4 b5 26. Nd6 Kxh3 27.
Rgf2 Nb3+ 28. axb3 Ba6 29. Rxf7 Ne5 30. Rxg7 1-0

[Event "AUTO-OPEN-1939"]
[Site "http://www.queenalice.com/game.php?id=757881"]
[Date "2010.4.8"]
[Round "1"]
[White "TheShoveler"]
[Black "Pagano"]
[Result "0-1"]
[WhiteElo "1100"]
[BlackElo "2043"]

1. e3 e5 2. Qh5 Nc6 3. f4 Nf6 4. fxe5 Nxh5 5. d4 Qh4+ 6. g3 Nxg3 7. hxg3 Qxh1 8.
Ne2 h5 9. Nec3 Bb4 10. a3 Bxc3+ 11. bxc3 h4 12. Kf2 hxg3+ 13. Kxg3 Qxf1 14. Bb2
d6 15. Nd2 Rh3# 0-1

[Event "AUTO-OPEN-1939"]
[Site "http://www.queenalice.com/game.php?id=757882"]
[Date "2010.4.8"]
[Round "1"]
[White "Pagano"]
[Black "TheShoveler"]
[Result "1-0"]
[WhiteElo "2072"]
[BlackElo "1176"]

1. f4 d6 2. e4 Nf6 3. Nc3 Bg4 4. Nf3 Bh5 5. d4 c5 6. Bb5+ Nbd7 7. dxc5 dxc5 8.
e5 e6 9. exf6 gxf6 10. Ne4 Qa5+ 11. Nc3 Rd8 12. O-O a6 13. Bxd7+ Rxd7 14. Qe1 e5
15. fxe5 fxe5 16. Qxe5+ Kd8 17. Bg5+ Kc8 18. Qxh8 b5 19. Qxf8+ Kc7 20. Qxc5+ Kb7
21. Ne5 Rc7 22. Qd5+ Kc8 23. Qa8# 1-0

[Event "AUTO-OPEN-1939"]
[Site "http://www.queenalice.com/game.php?id=757883"]
[Date "2010.4.8"]
[Round "1"]
[White "TheShoveler"]
[Black "BigRezi"]
[Result "0-1"]
[WhiteElo "1168"]
[BlackElo "1140"]

1. Nc3 g6 2. e3 c5 3. d4 Qc7 4. b3 Bg7 5. dxc5 Bxc3+ 6. Bd2 Bxa1 7. Qxa1 Nf6 8.
Nf3 O-O 9. Qe5 Qxe5 10. Nxe5 Nc6 11. Nxc6 dxc6 12. b4 Bf5 13. f3 b6 14. cxb6
axb6 15. e4 Be6 16. e5 Nd7 17. Bh6 Rfd8 18. b5 c5 19. Bd3 Nxe5 20. f4 Nxd3+ 21.
cxd3 Rxd3 22. O-O Rxa2 23. Bg5 Kf8 24. h4 h5 25. Bh6+ Ke8 26. Bg5 Rdd2 0-1

[Event "AUTO-OPEN-1939"]
[Site "http://www.queenalice.com/game.php?id=757884"]
[Date "2010.4.8"]
[Round "1"]
[White "BigRezi"]
[Black "TheShoveler"]
[Result "1-0"]
[WhiteElo "1094"]
[BlackElo "1199"]

1. e4 e6 2. Nf3 d5 3. exd5 exd5 4. d4 Bb4+ 5. c3 Qe7+ 6. Be3 Bf5 7. cxb4 Qxb4+
8. Qd2 Qxd2+ 9. Nbxd2 Nf6 10. Be2 Ne4 11. Nxe4 dxe4 12. Nd2 O-O 13. Rc1 b6 14.
Rxc7 Na6 15. Rc4 b5 16. Rc1 Nb4 17. a3 Na2 18. Ra1 Rfc8 19. O-O b4 20. Rxa2 bxa3
21. Rxa3 Rc2 22. b4 h6 23. g4 Bd7 24. f4 h5 25. g5 1-0

[Event "AUTO-OPEN-1939"]
[Site "http://www.queenalice.com/game.php?id=757885"]
[Date "2010.4.8"]
[Round "1"]
[White "TheShoveler"]
[Black "Sbilf"]
[Result "0-1"]
[WhiteElo "1163"]
[BlackElo "1313"]

1. Nf3 d5 2. d4 Nf6 3. Nc3 Bf5 4. e3 e6 5. Ne5 Nbd7 6. Nxd7 Qxd7 7. Bb5 c6 8.
Ba4 b5 9. Bb3 a5 10. O-O a4 11. e4 Nxe4 12. Nxe4 Bxe4 13. f3 Bg6 14. Bxd5 cxd5
15. Re1 Be7 16. b3 O-O 17. bxa4 bxa4 18. f4 Be4 19. c3 Qc7 20. Re3 Qa5 21. c4
Bd6 22. cxd5 exd5 23. g3 Rfc8 24. a3 Rc2 25. Qf1 Rg2+ 26. Kh1 Rf2+ 27. Kg1 Rxf1+
28. Kxf1 Rc8 29. h4 h5 30. Bb2 Qd2 31. Re2 Bd3 32. Re1 Qxb2 33. f5 Bxg3 34. Kg1
Bxe2 35. Kg2 Bxe1 36. f6 Bg4+ 37. Kf1 Qf2# 0-1

[Event "AUTO-OPEN-1939"]
[Site "http://www.queenalice.com/game.php?id=757886"]
[Date "2010.4.8"]
[Round "1"]
[White "Sbilf"]
[Black "TheShoveler"]
[Result "1-0"]
[WhiteElo "1064"]
[BlackElo "1278"]

1. e4 c6 2. d4 Nf6 3. e5 Ng4 4. Qxg4 Qa5+ 5. Bd2 Qd5 6. Nc3 c5 7. Nxd5 cxd4 8.
Nc7+ Kd8 9. Nxa8 d6 10. Qf4 dxe5 11. Qxe5 Nd7 12. Qxd4 g5 13. Qxh8 Nb6 14. Nxb6
g4 15. Qxf8+ Kc7 16. Nd5+ Kd7 17. Qxe7+ Kc6 18. Qc7+ Kxd5 19. Bc4+ Kd4 20. O-O-O
Bf5 21. Be3+ Ke4 22. Rd4# 1-0

[Event "AUTO-BEG-390"]
[Site "http://www.queenalice.com/game.php?id=760676"]
[Date "2010.4.13"]
[Round "1"]
[White "TheShoveler"]
[Black "geniolucio"]
[Result "0-1"]
[WhiteElo "1163"]
[BlackElo "1649"]

1. e3 c5 2. d4 cxd4 3. exd4 e6 4. Nf3 a6 5. Bc4 b5 6. Bb3 Nf6 7. d5 Nxd5 8. Bxd5
exd5 9. Qxd5 Nc6 10. Ne5 Qe7 11. O-O Qf6 12. Ng4 Qg6 13. Re1+ Be7 14. c4 Qxg4
15. cxb5 axb5 16. f3 Qb4 17. Bd2 Qxb2 18. Nc3 b4 19. Nb5 O-O 20. Nc7 Ra5 21. Qc4
Qxd2 22. Rxe7 b3 23. Re2 Qd4+ 24. Qxd4 Nxd4 25. Re4 Nc2 26. Rd1 bxa2 27. h4 d5
28. Ne8 a1=Q 29. Rxa1 Rxa1+ 30. Kh2 dxe4 31. Nd6 e3 0-1

[Event "AUTO-BEG-390"]
[Site "http://www.queenalice.com/game.php?id=760677"]
[Date "2010.4.13"]
[Round "1"]
[White "geniolucio"]
[Black "TheShoveler"]
[Result "1-0"]
[WhiteElo "1475"]
[BlackElo "1176"]

1. e4 d5 2. e5 f6 3. exf6 exf6 4. Nf3 Qe7+ 5. Be2 Bg4 6. O-O Bxf3 7. Bxf3 Nh6 8.
Re1 Nd7 9. Rxe7+ Bxe7 10. d4 O-O 11. Bxd5+ Kh8 12. Bxh6 Nb6 13. Bxb7 Nc4 14.
Bxa8 Nxb2 15. Qe2 Rxa8 16. Bc1 c5 17. Qxe7 Nd3 18. cxd3 g5 19. Qxf6+ Kg8 20.
Qxg5+ Kf7 21. dxc5 a5 22. Nc3 Rg8 23. Qf5+ Kg7 24. Bb2 h6 25. Nd5# 1-0

[Event "AUTO-BEG-390"]
[Site "http://www.queenalice.com/game.php?id=760678"]
[Date "2010.4.13"]
[Round "1"]
[White "TheShoveler"]
[Black "rickster"]
[Result "0-1"]
[WhiteElo "1222"]
[BlackElo "1281"]

1. e3 e5 2. f4 Qf6 3. fxe5 Qxe5 4. d4 Qe6 5. d5 Qd6 6. Nc3 Nf6 7. Nb5 Qc5 8. Nh3
Nxd5 9. Nf4 Nxe3 10. a4 Nxd1 11. Nd3 Qh5 12. Nf4 Qe5+ 13. Kxd1 g5 14. Nc3 gxf4
15. g3 Qh5+ 16. Be2 Qg6 17. Bxf4 Na6 18. h4 Bh6 19. Nd5 Bxf4 20. Bxa6 bxa6 21.
Nxc7+ Bxc7 22. h5 Qe4 23. Kd2 Ba5+ 24. c3 Qg2+ 25. Kd3 Qxg3+ 26. Kc4 Qc7+ 27.
Kd5 Bb7+ 28. Kd4 Bb6+ 29. Kd3 Qd6+ 30. Kc2 Be4+ 31. Kb3 Qd5+ 32. c4 Qd3+ 33. Kb4
Rc8 34. Rae1 Qd2+ 35. Kb3 Bf2 36. Rxe4+ Kf8 37. h6 Qd3+ 38. Kb4 Qxe4 39. Ka5
Qxh1 40. b3 Rb8 41. b4 Qh5+ 0-1

[Event "AUTO-BEG-390"]
[Site "http://www.queenalice.com/game.php?id=760679"]
[Date "2010.4.13"]
[Round "1"]
[White "rickster"]
[Black "TheShoveler"]
[Result "0-1"]
[WhiteElo "1275"]
[BlackElo "1125"]

1. e3 d5 2. Nc3 d4 3. d3 dxc3 4. bxc3 Qd5 5. e4 Qe5 6. Ne2 Na6 7. Nd4 c5 8. Nf5
Bxf5 9. d4 Qxe4+ 10. Be3 Rd8 11. Rb1 Bg4 12. Be2 cxd4 13. cxd4 Qxg2 14. Kd2 Bxe2
15. Kxe2 Qg4+ 16. Ke1 Qxd1+ 17. Kxd1 Nf6 18. Rxb7 Ne4 19. Rxa7 Nac5 20. f3 Nc3+
21. Kd2 e5 22. Kxc3 exd4+ 23. Bxd4 Ne6 24. Bb6 Rc8+ 25. Rc7 Nxc7 26. Re1+ Be7
27. Bc5 Nb5+ 28. Kc4 Rxc5+ 29. Kd3 Kd7 30. c4 Kc6 31. Rxe7 Rd8+ 32. Kc2 Rxc4+
33. Kb3 Rdd4 34. Re8 Kd7 35. Re5 Rc3+ 36. Kb2 Rd2+ 37. Kb1 Na3+ 38. Ka1 Rc1# 0-1